| 000 | 00468nam a22001817a 4500 | ||
|---|---|---|---|
| 003 | MPLRDC | ||
| 005 | 20220104180147.0 | ||
| 008 | 210129b ||||| |||| 00| 0 eng d | ||
| 020 | _a967-76-0062-1 | ||
| 082 | _a524.947 PUP 1968-1986 | ||
| 100 | _a不详 | ||
| 245 |
_aSPM SIRI ANALISA UTAMA MATEMATIK MODEN 1968-1986 _c |
||
| 250 | _a重印 | ||
| 260 |
_a _bPUSTAKA UTAMA PELAJARAN S/B _c1987 |
||
| 300 | _b平 | ||
| 650 | _a | ||
| 942 |
_cBK _o524.947 PUP 1968-1986 |
||
| 999 |
_c60778 _d60768 |
||